Livoniae historia in compendium ex annalibus contracta (Запись № 10242337)
[ простой вид ]
| 000 -МАРКЕР | |
|---|---|
| контрольное поле | 01477nam0a22003491 4500 |
| 001 - ИДЕНТИФИКАТОР ЗАПИСИ | |
| контрольное поле | RU\NLR\A2V16\16648 |
| 005 - ИДЕНТИФИКАТОР ВЕРСИИ | |
| контрольное поле | 20251203171251.9 |
| 035 ## - ДРУГИЕ СИСТЕМНЫЕ НОМЕРА | |
| Идентификатор записи | (NLR Aleph) 009819707 |
| 100 ## - ДАННЫЕ ОБЩЕЙ ОБРАБОТКИ | |
| Данные общей обработки | 19991006d1551 u y0rusy50 ca |
| 101 0# - ЯЗЫК РЕСУРСА | |
| Язык текста, звукозаписи и т.д. | латинский |
| 102 ## - СТРАНА ПУБЛИКАЦИИ ИЛИ ПРОИЗВОДСТВА | |
| Страна публикации | российская федерация |
| 105 ## - ПОЛЕ КОДИРОВАННЫХ ДАННЫХ: ТЕКСТОВЫЕ МАТЕРИАЛЫ, МОНОГРАФИЧЕСКИЕ | |
| Кодированные данные о монографическом текстовом документе | y ||||| |
| 200 1# - ЗАГЛАВИЕ И СВЕДЕНИЯ ОБ ОТВЕТСТВЕННОСТИ | |
| Основное заглавие | Livoniae historia in compendium ex annalibus contracta |
| Первые сведения об ответственности | A Thoma Hornero Egrano. De sacrificiis et idolatria veterum Livonum & Borussorum libellus Ioannis Menecii [!] |
| 210 ## - ПУБЛИКАЦИЯ, РАСПРОСТРАНЕНИЕ И ДР. | |
| Место издания, распространения и т.д. | [Regiomonti (Kaliningrad)] |
| Имя издателя, распространителя и т. д. | In Academia Regiimontis excudebat Ioannes Lufft |
| Дата издания, распространения и т.д. | 1551 mense Maio |
| 215 ## - ФИЗИЧЕСКАЯ ХАРАКТЕРИСТИКА | |
| Специфическое обозначение материала и объем | [56] с. |
| Размеры | 4° (18 cм) |
| 316 ## - ПРИМЕЧАНИЯ ОБ ОСОБЕННОСТЯХ ЭКЗЕМПЛЯРА | |
| Текст примечания | Экз. с читат. пометами |
| Организация и экземпляр, к которому относится поле | 13.9.6.77 |
| 317 ## - ПРИМЕЧАНИЯ О ПРОИСХОЖДЕНИИ ЭКЗЕМПЛЯРА | |
| Текст примечания | Экслибрис: Księgozbiór Piotra Aleksandra Wereszczyńskiego и штампом Имп. б-ки |
| Организация и экземпляр, к которому относится поле | 13.9.6.77 |
| 327 0# - ПРИМЕЧАНИЯ О СОДЕРЖАНИИ | |
| Текст примечания | В кн. также: Ad ... dominum Henricum Vulff, in Livonia Marianorum ordinis praefectum Soneburgensem, Epigramma Thomae Horneri Egrani |
| 620 ## - МЕСТО И ДАТА ПУБЛИКАЦИИ, ИСПОЛНЕНИЯ И Т. Д. | |
| Город | Kaliningrad |
| 686 ## - ИНДЕКСЫ ДРУГИХ КЛАССИФИКАЦИЙ | |
| Индекс | Ир7505 [Т3(233.1)4] |
| 700 #1 - ИМЯ ЛИЦА - ПЕРВИЧНАЯ ОТВЕТСТВЕННОСТЬ | |
| Начальный элемент ввода | Horner |
| Часть имени, кроме начального элемента ввода | T. |
| Расширение инициалов личного имени | Thomas |
| Код отношения | Автор |
| 702 #1 - ИМЯ ЛИЦА - ВТОРИЧНАЯ ОТВЕТСТВЕННОСТЬ | |
| Связь между полями | z01790 |
| Начальный элемент ввода | Malecki |
| Часть имени, кроме начального элемента ввода | J. |
| Даты | ок. 1490-1567 |
| Расширение инициалов личного имени | Jan |
| Код отношения | Автор |
| 702 #1 - ИМЯ ЛИЦА - ВТОРИЧНАЯ ОТВЕТСТВЕННОСТЬ | |
| Начальный элемент ввода | Lufft |
| Часть имени, кроме начального элемента ввода | I. |
| Расширение инициалов личного имени | Ioannes |
| Код отношения | Печатник (типограф) |
| 790 #1 - ИМЯ ЛИЦА - АЛЬТЕРНАТИВНАЯ ФОРМА | |
| Связь между полями | z01702 |
| Начальный элемент ввода | Menecius |
| Расширение инициалов личного имени | Joannes |
| Код отношения | Автор |
| 801 #0 - ИСТОЧНИК ЗАПИСИ | |
| Страна | российская федерация |
| Организация | NLR |
| Дата составления | 19991006 |
| 852 ## - МЕСТОНАХОЖДЕНИЕ И ШИФР ХРАНЕНИЯ | |
| Идентификатор организации | NLR |
| Шифр хранения (Call Number) | 13.9.6.77 |
| 942 ## - ДОПОЛНИТЕЛЬНЫЕ ЭЛЕМЕНТЫ ЗАПИСИ (АБИС) | |
| Тип экземпляра АБИС | Книга |
| 980 ## - КОЛЛЕКЦИЯ | |
| Название коллекции | Национальная библиография |
| 980 ## - КОЛЛЕКЦИЯ | |
| Название коллекции | Книги XVI века на европейских языках |
Нет доступных экземпляров.